Central Library OPAC University of Rajshahi

The theory of the Riemann zeta-function / (Record no. 6671)

MARC details
000 -LEADER
fixed length control field 00761nam a2200241 a 4500
001 - CONTROL NUMBER
control field 6671
003 - CONTROL NUMBER IDENTIFIER
rucl marc code BD-RjUL
005 - DATE AND TIME OF LATEST TRANSACTION
control field 20211208234305.0
008 - FIXED-LENGTH DATA ELEMENTS--GENERAL INFORMATION
fixed length control field 160922s1951 enk b 000 0 eng d
035 ## - SYSTEM CONTROL NUMBER
System control number (BD-RjUL)6712
040 ## - CATALOGING SOURCE
Original cataloging agency DLC
Transcribing agency GAT
Modifying agency OCoLC
-- Uk
-- DLC
-- BD-RjUL)
Language of cataloging eng
041 ## - LANGUAGE CODE
Language code of text/sound track or separate title eng
082 00 - DEWEY DECIMAL CLASSIFICATION NUMBER
Classification number 515.56
Author mark and year TIT 1951
Edition number 23
100 1# - MAIN ENTRY--PERSONAL NAME
Personal name Titchmarsh, E. C.
Fuller form of name (Edward Charles),
Dates associated with a name 1899-
9 (RLIN) 20967
245 14 - TITLE STATEMENT
Title The theory of the Riemann zeta-function /
Statement of responsibility, etc. Titchmarsh, E.
260 ## - PUBLICATION, DISTRIBUTION, ETC. (IMPRINT)
Place of publication, distribution, etc. Oxford :
Name of publisher, distributor, etc. Clarendon Press,
Date of publication, distribution, etc. 1951.
300 ## - PHYSICAL DESCRIPTION
Pagination 346 p. ;
Size 25 cm.
500 ## - GENERAL NOTE
General note "Successor to my Cambridge tract The zeta-function of Riemann, 1930."
504 ## - BIBLIOGRAPHY, ETC. NOTE
Bibliography, etc Bibliography: p. [333]-346.
650 #0 - SUBJECT ADDED ENTRY--TOPICAL TERM
Topical term or geographic name as entry element Functions, Zeta.
9 (RLIN) 20968
942 ## - ADDED ENTRY ELEMENTS (KOHA)
Source of classification or shelving scheme Dewey Decimal Classification
Koha item type Books
Holdings
Lost status Source of classification or shelving scheme Damaged status Not for loan Collection code Permanent Location Current Location Shelving location Date acquired Source of acquisition Cost, normal purchase price Total Checkouts Full call number Date last seen Copy number Koha item type
  Dewey Decimal Classification     Non-fiction Central Library, University of Rajshahi Central Library, University of Rajshahi   04/08/1955 O.U.P 20.00   515.56 TIT 1951 11/01/2014 C-2 Books